| 000 | 01102nam0a22002651 4500 | ||
|---|---|---|---|
| 001 | rc\3011945 | ||
| 005 | 20250806201040.0 | ||
| 035 | _a(NLR Aleph) 007154426 | ||
| 090 |
_a5167 _c5167 |
||
| 100 | _a20110924d1944 u y0rusy50 ca | ||
| 101 | 0 | _arus | |
| 102 | _aRU | ||
| 105 | _ay g ||||| | ||
| 200 | 1 |
_aСправочник по технике безопасности и промышленной санитарии для маслобойных и жировых предприятий _fСост. Б.М. Булаков _gЦентр. ком-т Профсоюза рабочих маслобойной и жир. пром-сти СССР и Главрасжирмасло |
|
| 205 | _a2-е изд. | ||
| 210 |
_aМосква _cПищепромиздат _d1944 _eКалуга |
||
| 215 |
_a144 с. _d22 см |
||
| 700 | 1 |
_aБулаков _bБ.М. _gБорис Михайлович |
|
| 801 | 0 |
_aRU _bNLR _gpsbo |
|
| 801 | 1 |
_aRU _bELAR _2rusmarc |
|
| 852 |
_aNLR _jТ66 Г-5/23 |
||
| 942 | _cBOOK | ||
| 945 | _aРоссийская национальная библиотека | ||
| 980 | _aNB | ||
| 980 | _aBV | ||